000 00400nam a2200157 4500
020 _a97881131507810
082 _a621.31042 SAR
100 _aSarma, Mulukutla S.
245 _aElectric machines
260 _aNew Delhi, India
_bCengage Learning
_c2009
300 _axxiii, 694 p.
_bill. ;
500 _aIncludes index.
650 _aElectric machinery.
700 _aPathak, Mukesh K.
942 _cBK
999 _c12339
_d12339